| 000 | 00709nam a22002297a 4500 | ||
|---|---|---|---|
| 999 |
_c20707 _d20707 |
||
| 003 | AR-CdUCM | ||
| 008 | 190604b ||||| |||| 00| 0 spa d | ||
| 040 |
_aMUNICIPALIDAD PROVINCIAL DEL CUSCO _cBIBLIOTECA MUNICIPAL DEL CUSCO |
||
| 041 | _hpor | ||
| 082 |
_a372 / _bY31 |
||
| 100 |
_aTupynambá, Yara _925016 |
||
| 245 |
_aYara Tupynambá : _bPintando a natureza / |
||
| 260 |
_aBrasil : _bProdigital, _c2016. |
||
| 300 |
_bIlustraciones, _c30 cm. |
||
| 500 | _aNo cuenta con numeración de páginas, texto en portugués | ||
| 505 | _aContenido: La naturaleza. | ||
| 650 |
_aPintura _93081 |
||
| 650 |
_aReservas _943252 |
||
| 650 |
_aNaturaleza _94241 |
||
| 942 |
_2ddc _cLIBROS |
||
| 945 | _aJavier | ||